000 00464nab a2200145Ia 4500
003 ES-SlBCS
005 20210601130448.0
008 140529s1960 xxu||||| |||| 00| 0 fre d
041 _afre
100 1 _aRostenne, Paul
_9173288
245 0 0 _aL'Église catholique et les exigences de la socialité humaine
_c Paul Rostenne
650 4 _aIglesia Católica
_9415205
773 0 _tGiornali di Metafisica
_gvol. 15, nº. 4, 1960, págs. 434-457
_w0017-0372
942 _cAR
999 _c547097
_d547097